000 00361nam a2200145 i 4500
001 bg
100 1 _aCHELIŃSKI, Ryszard
245 0 _aDrogi rozwoju gospodarczego Polski Ludowej /
_cRyszard Cheliński.
260 _aWarszawa,
_c1976.
040 _cBPK
041 _apol
080 _a338.22(438)
942 _cKS
008 s pl f |000 0 pol
999 _c17208
_d17208
856 _uhttp://koha.tu.koszalin.pl/cgi-bin/koha/opac-detail.pl?biblionumber=17208
_yKatalog online BPK